O céu sob a terra (Registo nº 1303)
[ vista simples ]
| 000 -Etiqueta do registo | |
|---|---|
| Cabeçalho | 01061nam a2200349 4500 |
| 005 - Identificador da versão | |
| Campo de controlo | 20240813121832.0 |
| 010 ## - Número internacional normalizado dos livros (ISBN) | |
| Número (ISBN) | 9728818645 |
| 021 ## - Número do Depósito Legal | |
| Código do país | PT |
| Número | 242624/06 |
| 035 ## - Other System Control Numbers | |
| System Control Number | BPMP_146.iso/15-06-2009/14692 |
| System Control Number | 2153407 |
| 100 ## - Dados gerais de processamento | |
| Dados gerais de processamento | 20080327d2006 d y0pory5003 ba |
| 102 ## - Pais de publicação ou produção | |
| País de publicação | Portugal |
| 101 1# - Língua de publicação | |
| Língua do texto, banda sonora, etc. | Português |
| Língua do documento no original | Italiano |
| 106 ## - Campo de dados codificados: material textual | |
| Dados codificados do material textual | r |
| 105 ## - Campo de dados codificados: livros | |
| Dados codificados dos livros | a z 001yy |
| 215 ## - Descrição física | |
| Indicação específica da natureza do documento e extensão da espécie | 207 p. |
| Outras indicações físicas | il. |
| Dimensões | 21 cm |
| 200 1# - Titulo e menção de responsabilidade | |
| Título próprio | O céu sob a terra |
| Informação de outro título | viagem pelo sistema solar |
| Primeira menção de responsabilidade | Ettore Perozzi-gtrad. António Maria da Rocha |
| 225 2# - Colecção | |
| Título próprio da colecção | Eureca |
| Indicação de volume | 4 |
| 205 ## - Menção da edição | |
| Menção da edição | 1a ed |
| 210 ## - Publicação, Distribuição, etc. | |
| Lugar da edição, distribuição, etc. | S. João do Estoril, |
| Nome do editor, distribuidor, etc. | Principia |
| Data da publicação, distribuição, etc. | 2008 |
| 304 ## - Notas relativas a título e menção de responsabilidade | |
| Texto da nota | Tít. orig.: Il cielo sotto la terra - in viaggio nel sistema solare |
| 675 ## - Classificação Decimal Universal (CDU) | |
| Notação | 087.5 |
| Edição | BN |
| Língua da edição | por |
| Notação | 523(0.053.5) |
| Edição | BN |
| Língua da edição | por |
| Notação | 133.5(0.053.5) |
| Edição | BN |
| Língua da edição | por |
| Notação | 37.03 |
| Edição | BN |
| Língua da edição | por |
| 702 #1 - Nome de autor-pessoa física (responsabilidade secundária) | |
| Número de registo de entrada de autoridade | 0001830 |
| Palavra de ordem | Rocha |
| Outra parte do nome não tomada para palavra de ordem | António Maia da |
| Código de função | Tradutor |
| 700 #1 - Nome de autor-pessoa física (responsabilidade principal) | |
| Número de registo de entrada de autoridade | 0001841 |
| Palavra de ordem | Perozzi |
| Outra parte do nome não tomada para palavra de ordem | Ettore |
| Datas | 1957- |
| 966 ## - Identificação da Biblioteca | |
| Sigla | NUMETECA |
| 942 ## - Elementos de entrada adicionados (Koha) | |
| Tipo de item no Koha | Livro |
| Situação do levantamento | Origin of item (home branch) (coded) | Biblioteca de empréstimo | Código de barras | Cota | Circulation type (not for loan) | Tipo de documento | Nota do exemplar | Damaged status |
|---|---|---|---|---|---|---|---|---|
| Biblioteca Escolar Eng. Nuno Mergulhão | Biblioteca Escolar Eng. Nuno Mergulhão | BENM3175 | 2006 | 52 AST ETT | Livro | Sem mensagem |
